[Event "17th Jozef Kochan Mem"]
[Site "Koszalin POL"]
[Date "2006.08.09"]
[Round "6"]
[White "Sokolowski,Ry"]
[Black "Dukaczewski,P"]
[Result "0-1"]
[WhiteElo "2096"]
[BlackElo "2344"]

1.Nf3 Nf6 2.c4 g6 3.g3 Bg7 4.Bg2 O-O 5.d4 d6 6.O-O Nc6 7.Nc3 a6 8.d5 Na5
9.Nd2 c5 10.Qc2 Rb8 11.b3 b5 12.Rb1 e5 13.cxb5 axb5 14.b4 cxb4 15.Rxb4 Bd7
16.Qb1 Qe8 17.Ba3 Rb6 18.e3 Qb8 19.Qd3 Ne8 20.Rfb1 Nc7 21.R4b2 f5 22.f3 Nb7
23.e4 Qa7 24.Qe3 f4 25.Qf2 fxg3 26.hxg3 Ra6 27.Qxa7 Rxa7 28.Bb4 Bh6 29.Nf1 Rc8
30.Ne2 Nc5 31.Rc2 N7a6 32.Bd2 Bxd2 33.Nxd2 Rac7 34.Bf1 Na4 35.Rxc7 Rxc7 36.Rc1 N6c5
37.f4 Kf7 38.fxe5 dxe5 39.Rc2 Ke7 40.Nc1 Kd6 41.Nd3 Nxd3 42.Rxc7 Kxc7 43.Bxd3 Kd6
44.Kf2 Nc3 45.a3 Bg4 46.Nb3 g5 47.Na5 h5 48.Nc6 Bd7 49.Nd8 Ke7 50.Nb7 Bc8
51.Na5 Kd6 52.Nc6 h4 53.gxh4 gxh4 54.Nd8 Kc5 55.Nc6 Nd1+ 56.Kf3 h3 57.Kg3 Ne3
58.Be2  0-1

[Event "17th Jozef Kochan Mem"]
[Site "Koszalin POL"]
[Date "2006.08.09"]
[Round "6"]
[White "Skalski,M"]
[Black "Jakubiec,A"]
[Result "0-1"]
[WhiteElo "2343"]
[BlackElo "2490"]

1.Nf3 Nf6 2.c4 g6 3.g3 Bg7 4.Bg2 O-O 5.O-O d6 6.Nc3 a6 7.d3 c6 8.Rb1 b5 9.e4 bxc4
10.dxc4 Bg4 11.h3 Bxf3 12.Bxf3 Nfd7 13.Bd2 Ne5 14.b3 c5 15.Bg2 Nec6 16.Kh2 Ra7
17.f4 Nd4 18.a3 Nd7 19.Ne2 Nxe2 20.Qxe2 a5 21.Rfc1 Qc7 22.h4 Nb8 23.b4 axb4
24.axb4 cxb4 25.c5 Ra2 26.Qe3 dxc5 27.Bxb4 c4 28.Qc5 Qxc5 29.Bxc5 Nd7 30.Rxc4 Nxc5
31.Rxc5 Rd8 32.h5 gxh5 33.Kh3 h4 34.Rb3 hxg3 35.Rxg3 Ra6 36.Rh5 Rg6 37.e5 Rd4
38.Rh4 e6 39.Bf3 Rd3 40.Rhg4 Kf8 41.Be4 Rxg4 42.Kxg4 h5+ 43.Kh4 Rd4 44.Re3 Bh6
45.Kg3 Rb4 46.Kf3 Rb2 47.Rc3 Rb4 48.Re3 Ra4 49.Rb3 Kg7 50.Rd3 Ra1 51.f5 exf5
52.Bc6 Rc1 53.Bd7 Re1 54.Rd5 Re3+ 55.Kg2 f4 56.Bf5 h4 57.Rb5 Rg3+ 58.Kf2 Re3
59.Bg4 h3 60.Rb7 h2 61.Rb1 Bg5 62.Bf3 Bh4+ 63.Kg2 Bg3 64.Bb7 Rxe5 65.Bf3 Rc5
66.Be4 Rc3 67.Rd1 Ra3 68.Bf3 Kf6 69.Rd6+ Kg5 70.Rd5+ f5 71.Rd1 Ra2+ 72.Kh3 Ra3
73.Bh1 Ra7 74.Bf3 Rh7+ 75.Kg2 Kh4 76.Rb1 Rc7 77.Rf1 Rc3 78.Bd1 Kg5 79.Bf3 Kh4
80.Bd1 Rd3 81.Bf3 Rd2+ 82.Kh1 Kh3 83.Bc6 Bf2 84.Bb7 Kg3 85.Bc8 Rd5 86.Bb7 Re5
87.Bc8 f3 88.Bd7 f4 89.Bc6 Re3 90.Bb7 Re7 91.Bc6 Rg7 92.Bd5 Rc7 93.Be4 Rc3
94.Bd5 Bd4 95.Bb7 f2 96.Ba6 Re3 97.Bb5 Bc3 98.Ba6 Be1 99.Bb7 Re7 100.Bd5 f3
101.Bc6 Kf4  0-1

[Event "17th Jozef Kochan Mem"]
[Site "Koszalin POL"]
[Date "2006.08.11"]
[Round "8"]
[White "Sokolowski,Ry"]
[Black "Suder,R"]
[Result "1-0"]
[WhiteElo "2096"]
[BlackElo "2242"]

1.Nf3 Nf6 2.c4 g6 3.g3 Bg7 4.Bg2 O-O 5.d4 c6 6.Nc3 d5 7.cxd5 cxd5 8.Ne5 e6
9.O-O Nfd7 10.f4 Nc6 11.Be3 Nb6 12.Bf2 Bd7 13.b3 Qe7 14.a4 a5 15.e3 Nb4 16.Rc1 Rfc8
17.Qd2 Be8 18.g4 Rc7 19.Nf3 Nc8 20.Bh4 f6 21.g5 f5 22.Be1 Nd6 23.Ne5 Rac8
24.Qe2 b5 25.Bd2 bxa4 26.bxa4 Nc4 27.Nxd5 exd5 28.Bxb4 Qxb4 29.Bxd5+ Kf8
30.Nxc4 Bf7 31.Rb1 Bxd5 32.Rxb4 axb4 33.Nd2 Ba8 34.Qb5 Rb7 35.Qa6 Kf7 36.Nb3 Re8
37.Nc5 Rbe7 38.Qc4+ Kf8 39.d5 Bc3 40.Ne6+ Kg8 41.Nc7 Re4 42.Qa6 Rd8 43.Nxa8  1-0

[Event "Open"]
[Site "Predeal ROM"]
[Date "2006.08.14"]
[Round "4"]
[White "Grunberg,M"]
[Black "Szabo,G ROM"]
[Result "1/2-1/2"]
[WhiteElo "2403"]
[BlackElo "2465"]

1.Nf3 Nf6 2.c4 g6 3.g3 Bg7 4.Bg2 O-O 5.d4 d6 6.Nc3 Nc6 7.O-O a6 8.Re1 Rb8
9.Rb1 Bf5 10.e4 Bg4 11.h3 Bxf3 12.Bxf3 Nd7 13.Be3 e5 14.d5 Nd4 15.Bg2 c5
16.dxc6 bxc6 17.b4 Qc8 18.Qd3 Rd8 19.a3 Nb6 20.Rec1 Qe6 21.Bxd4 exd4 22.Ne2 c5
23.Nf4 Qd7 24.Nd5 Na4 25.Kh2 Nc3 26.bxc5 Rxb1 27.Rxb1 Nxb1 28.c6 Qa7 29.Qxb1 Rc8
30.c7 Rxc7 31.Nxc7  1/2-1/2

[Event "Independence Cup A"]
[Site "Kyiv UKR"]
[Date "2006.08.16"]
[Round "4"]
[White "Ianovsky,A"]
[Black "Palkovich,D"]
[Result "1/2-1/2"]
[WhiteElo "2308"]
[BlackElo "2212"]

1.Nf3 Nf6 2.c4 g6 3.g3 Bg7 4.Bg2 O-O 5.O-O d5 6.cxd5 Nxd5 7.Nc3 c5 8.d4 Nc6
9.Nxd5 Qxd5 10.Be3 Rd8 11.dxc5 Qc4 12.Qb3 Qxb3 13.axb3 Be6 14.Nd2 Bxb2 15.Rab1 Bc3
16.Nc4 Rac8 17.Rfc1 Nd4 18.Kf1 Bb4 19.Bxb7 Bh3+ 20.Bg2 Bxg2+ 21.Kxg2 Nxe2
22.Rc2 Nd4 23.Ra2 Bxc5 24.b4 Bb6 25.Nxb6 axb6 26.b5 Rd5 27.f4 Rxb5 28.Rxb5 Nxb5
29.Bxb6 Nd6 30.Bd4 Nf5 31.Bf2 f6 32.Rb2 Kf7 33.Re2 h5 34.Kf3 g5 35.fxg5 fxg5
36.h3 Rc3+ 37.Kg2 Rc4 38.Ra2 Kf6 39.Rb2 g4 40.hxg4 hxg4 41.Kf1 Nd6 42.Ke2 Kf5
43.Be1 e5 44.Rb8 Ra4 45.Rg8 Ra2+ 46.Kf1 Nc4 47.Bf2 Nd2+ 48.Kg1 Ne4 49.Be1 Ng5
50.Kf1 Nf3 51.Bf2 Nd2+ 52.Kg1 Ne4 53.Be1 Nf6 54.Rf8 Ra6 55.Kg2 Ke4 56.Bf2 Kd3
57.Kf1 Ra1+ 58.Kg2 Ne4 59.Rd8+ Ke2 60.Bb6 Ra3 61.Bc7 Rxg3+ 62.Kh2 Rh3+ 63.Kg2 Rg3+
64.Kh2 Rh3+ 65.Kg2 Rh5 66.Re8 g3 67.Rxe5 Rh2+ 68.Kg1 Kf3 69.Rf5+ Ke2 70.Bxg3  1/2-1/2

[Event "Independence Cup A"]
[Site "Kyiv UKR"]
[Date "2006.08.20"]
[Round "8"]
[White "Matorin,E"]
[Black "Julin,A"]
[Result "0-1"]
[WhiteElo "2283"]
[BlackElo "2231"]

1.Nf3 Nf6 2.c4 g6 3.g3 Bg7 4.Bg2 O-O 5.O-O d6 6.d4 Nbd7 7.b3 e5 8.dxe5 dxe5
9.Bb2 e4 10.Ng5 Qe8 11.Qc2 e3 12.f4 h6 13.Ne4 Nxe4 14.Bxg7 Kxg7 15.Qxe4 Qxe4
16.Bxe4 Nc5 17.Bf3 Bh3 18.Rd1 Rad8 19.Nc3 c6 20.Rxd8 Rxd8 21.Rd1 Re8 22.b4 Na6
23.b5 cxb5 24.Bxb7 b4 25.Nd5 Nc5 26.Bc6 Rc8 27.Bb5 a6 28.Ne7 Rb8 29.Bc6 Kf8
30.Nd5 Rc8 31.Nxb4 a5 32.Nd5 Rxc6 33.Nxe3 Ne4 34.Rd4 f5 35.Rd5 Rb6 36.Rb5 Rxb5
37.cxb5 Ke7 38.Nc4 a4 39.b6 Kd8 40.e3 Kc8 41.a3 Kb7 42.Nb2 Nc5 43.Nc4 Bg4
44.Kf2 Bd1 45.Ne5 Kxb6 46.Nxg6 Nd3+ 47.Kf1 Kc5 48.h3 Kc4 49.Ne7 Kb3 50.Nxf5 Kxa3
51.Nd6 Kb4 52.f5 a3 53.f6 Ne5  0-1

[Event "XXVI Open A"]
[Site "Bratto ITA"]
[Date "2006.08.21"]
[Round "3"]
[White "Ferretti,F"]
[Black "Zoldan,M"]
[Result "1/2-1/2"]
[WhiteElo "2254"]
[BlackElo "2127"]

1.Nf3 Nf6 2.c4 g6 3.g3 Bg7 4.Bg2 O-O 5.O-O d6 6.Nc3 e5 7.d3 h6 8.Rb1 a5 9.a3 Nc6
10.b4 axb4 11.axb4 Be6 12.b5 Ne7 13.Qb3 Qd7 14.Ba3 Nh7 15.Rfc1 Rab8 16.Nd5 h5
17.Rc2 g5 18.Bc1 f6 19.Ra1 Ng6 20.Ra7 g4 21.Nh4 Nxh4 22.gxh4 f5 23.c5 Rf7
24.cxd6 Qxd6 25.Qa3 Qd8  1/2-1/2

[Event "23rd Open"]
[Site "Collado Villalba ESP"]
[Date "2006.08.22"]
[Round "4"]
[White "Suba,M"]
[Black "Taboas Rodriguez,D"]
[Result "1-0"]
[WhiteElo "2533"]
[BlackElo "2323"]

1.c4 Nf6 2.Nf3 g6 3.g3 Bg7 4.Bg2 O-O 5.O-O b6 6.Ne5 c6 7.d4 Bb7 8.Nc3 d6
9.Nd3 d5 10.cxd5 Nxd5 11.e3 Nd7 12.Qb3 e6 13.Rd1 Qe7 14.Bd2 Rac8 15.Nxd5 exd5
16.Bb4 c5 17.Ba3 Rfd8 18.dxc5 Nxc5 19.Nxc5 bxc5 20.Bxd5 Rxd5 21.Rxd5 h5 22.Rad1 Bxd5
23.Qxd5 h4 24.Kg2 a5 25.b3 Qa7 26.Rc1 Qa6 27.Rc4 a4 28.Bxc5 axb3 29.axb3 Qa5
30.b4 Qa2 31.gxh4  1-0

[Event "XXVI Open A"]
[Site "Bratto ITA"]
[Date "2006.08.25"]
[Round "7"]
[White "Mola,P"]
[Black "Di Fonzo,V"]
[Result "1-0"]
[WhiteElo "2279"]
[BlackElo "2202"]

1.Nf3 Nf6 2.c4 g6 3.g3 Bg7 4.Bg2 O-O 5.O-O c6 6.d4 d5 7.cxd5 cxd5 8.Ne5 e6
9.Nc3 Nfd7 10.Nf3 Nf6 11.Ne5 Nfd7 12.Nf3 Nf6 13.Bg5 h6 14.Bxf6 Qxf6 15.e4 dxe4
16.Nxe4 Qd8 17.Qd2 Nc6 18.Rad1 Qb6 19.b3 Rd8 20.Qf4 f5 21.Nd6 Nxd4 22.Rxd4 Bxd4
23.Nc4 Qc5 24.Qxh6 Qf8 25.Qxg6+ Qg7 26.Qh5 e5 27.Nh4 f4 28.Ng6 fxg3 29.hxg3 Be6
30.Bxb7 Bf7 31.Be4 Bxg6 32.Bxg6 Rf8 33.Kg2 Rf6 34.Be4 Rd8 35.Qe2 Rh6 36.Ne3 Bxe3
37.Qxe3 Rh5 38.Bf3 Rh6 39.Re1 Re8 40.Bd5+ Kh8 41.Be4 Rh5 42.Rh1 Rxh1 43.Kxh1 Rd8
44.Kg2 Rd4 45.Qf3 Qe7 46.Qh5+ Kg8 47.Qg6+ Kf8 48.Qc6 Kg7 49.Qg6+ Kf8 50.Qf5+ Ke8
51.g4  1-0

[Event "3rd Dato Arthur Tan"]
[Site "Kuala Lumpur MAS"]
[Date "2006.08.25"]
[Round "8"]
[White "Ginting,Nas"]
[Black "Wynn Zaw Htun"]
[Result "0-1"]
[WhiteElo "2397"]
[BlackElo "2572"]

1.Nf3 Nf6 2.c4 g6 3.g3 Bg7 4.Bg2 O-O 5.d4 d6 6.O-O Nbd7 7.Nc3 e5 8.e4 c6
9.b3 Re8 10.h3 exd4 11.Nxd4 Nc5 12.Re1 a5 13.Rb1 Nfd7 14.Be3 Ne5 15.Re2 f5
16.exf5 gxf5 17.Rd2 Qe7 18.Qc2 Ng6 19.Nde2 Be6  0-1

[Event "3rd Open"]
[Site "Kalamaria GRE"]
[Date "2006.09.02"]
[Round "5"]
[White "Stamenkov,V"]
[Black "Pashos,A"]
[Result "1-0"]
[WhiteElo "2367"]
[BlackElo "2019"]

1.Nf3 Nf6 2.c4 g6 3.g3 Bg7 4.Bg2 O-O 5.O-O d5 6.cxd5 Nxd5 7.Nc3 Nb6 8.d3 N8d7
9.Be3 Nf6 10.h3 Nfd5 11.Bd2 c6 12.Qc1 a5 13.Bh6 a4 14.Bxg7 Kxg7 15.Ne4 Nd7
16.d4 Qb6 17.Re1 Re8 18.Ned2 Qc7 19.e4 N5f6 20.d5 c5 21.Qc2 e6 22.d6 Qb8
23.e5 Nd5 24.Ne4 b6 25.Qd2 Bb7 26.h4 Bc6 27.g4 f5 28.exf6+ N7xf6 29.Nxf6 Nxf6
30.Qc3 e5 31.Rxe5 Kg8 32.Rd1 Ra7 33.Rxe8+ Nxe8 34.Qc4+ Kh8 35.Qf4 Kg8 36.Ne5 Bxg2
37.d7 Nd6 38.Kxg2 Qa8+ 39.f3 Nb7 40.Qf7+ Kh8 41.d8=Q+  1-0

[Event "5th Open"]
[Site "Istanbul TUR"]
[Date "2006.09.07"]
[Round "9"]
[White "Pantsulaia,L"]
[Black "Bojkov,D"]
[Result "1-0"]
[WhiteElo "2584"]
[BlackElo "2445"]

1.Nf3 Nf6 2.c4 g6 3.g3 Bg7 4.Bg2 O-O 5.d4 d6 6.Nc3 Nbd7 7.O-O e5 8.h3 c6
9.e4 exd4 10.Nxd4 Re8 11.Re1 Qb6 12.Nc2 Ne5 13.Be3 Qa5 14.b4 Qc7 15.c5 dxc5
16.bxc5 Qa5 17.Bd4 Nh5 18.Ne2 Rd8 19.g4 Nf6 20.Ng3 Ned7 21.e5 Nd5 22.Bxd5 cxd5
23.e6 fxe6 24.Bxg7 Kxg7 25.Rxe6 Qxc5 26.Nd4 Nf8 27.Rc1 Qb4 28.Re3 Kg8 29.a3 Qb6
30.Qd2 Qf6 31.Nge2 Bd7 32.Rc7 Qb6 33.Rec3 Rac8 34.Rxc8 Bxc8 35.Qc1 Bd7 36.Rb3 Qa6
37.Qc7 Rc8 38.Qxb7 Qxb7 39.Rxb7 a5 40.Ra7 a4 41.Ra5 Be8 42.Rxd5 Bf7 43.Ra5 Rc4
44.Ra8 Kg7 45.Ra7 Kg8 46.Nb5 Bd5 47.Rc7 Rxc7 48.Nxc7 Bc6 49.Nd4 Bd7 50.Na6 Ne6
51.Nxe6 Bxe6 52.Nc5 Bb3 53.f4 Kf7 54.Kf2 Ke7 55.Ke3  1-0

[Event "EU-chB18"]
[Site "Herceg Novi MNE"]
[Date "2006.09.11"]
[Round "2"]
[White "Bogosavljevic,B"]
[Black "Grigoryan,Av"]
[Result "0-1"]
[WhiteElo "2302"]
[BlackElo "2396"]

1.Nf3 Nf6 2.c4 g6 3.g3 Bg7 4.Bg2 O-O 5.O-O c5 6.d4 cxd4 7.Nxd4 d5 8.cxd5 Nxd5
9.Na3 Nc6 10.Nxc6 bxc6 11.Qc2 Qb6 12.Nc4 Qa6 13.Bd2 Be6 14.Na5 Rab8 15.Rab1 Rfc8
16.Rfe1 Nb4 17.Bxb4 Rxb4 18.Nxc6 Rc4 19.Nxe7+ Kf8 20.Qb3 Kxe7 21.Bb7 Qb6
22.Qa3+ R8c5 23.b4 Rc7 24.b5+ Qc5 25.Qa6 h5 26.a4 Bc3 27.Red1 Qb6 28.Qxb6 axb6
29.Bc6 Bd7 30.Bd5 Rxa4 31.Rd3 Ra1 32.Rxa1 Bxa1 33.Re3+ Be6 34.Bc6 Bd4 35.Rd3  0-1

[Event "EU-chG16"]
[Site "Herceg Novi MNE"]
[Date "2006.09.17"]
[Round "7"]
[White "Ignacz,M"]
[Black "Zikeli,S"]
[Result "1-0"]
[WhiteElo "2255"]
[BlackElo "2016"]

1.Nf3 Nf6 2.c4 g6 3.g3 Bg7 4.Bg2 O-O 5.d4 d6 6.O-O c6 7.Nc3 Qa5 8.e4 Bg4
9.h3 Bxf3 10.Qxf3 Nfd7 11.Rd1 c5 12.Be3 Nb6 13.Qe2 Nc6 14.Nb5 Nxd4 15.Nxd4 cxd4
16.Bxd4 Bxd4 17.Rxd4 Qc5 18.Rad1 e5 19.Rxd6 Qxc4 20.Qxc4 Nxc4 21.Rd7 Rab8
22.b3 Nb6 23.R7d6 Rfe8 24.Bf1 Nc8 25.R6d5 Nb6 26.R5d2 a6 27.a4 Kf8 28.a5 Nc8
29.Bc4 Ne7 30.Rd7 Rec8 31.R1d6 Ke8 32.f4 Rc5 33.f5 gxf5 34.exf5 f6 35.g4 h6
36.Kf2 Rxa5 37.Rc7 b5 38.Be6 Ra2+ 39.Kg3 Kf8 40.Rdd7 Re8 41.Ra7 a5 42.h4 a4
43.b4 Ra1 44.Kf2 Rh1 45.g5 Rxh4 46.gxf6 Rf4+ 47.Ke3 Rxb4 48.fxe7+ Kg7 49.Rd8  1-0

[Event "1st TCH-MNE"]
[Site "Herceg Novi MNE"]
[Date "2006.09.23"]
[Round "2"]
[White "Drasko,M"]
[Black "Vajda,L"]
[Result "1/2-1/2"]
[WhiteElo "2521"]
[BlackElo "2524"]

1.Nf3 Nf6 2.g3 g6 3.Bg2 Bg7 4.c4 O-O 5.O-O d6 6.d4 Nbd7 7.Qc2 e5 8.Rd1 Re8
9.e4 h6 10.Nc3 exd4 11.Nxd4 Ne5 12.c5 Bd7 13.cxd6 cxd6 14.Qb3 Qc8 15.Ndb5 Be6
16.Nd5 Bxd5 17.exd5 Qd8 18.h3 a6 19.Nd4 Rb8 20.Be3 Ned7 21.Ne6 Qa5 22.Bd2 Qb6
23.Qxb6 Nxb6 24.Nxg7 Kxg7 25.Bb4 Rbd8 26.Ba5 Nfd7 27.Rd3 Rb8 28.Rb3 Nc4 29.Bc7 Rbc8
30.Rxb7 Nde5 31.Ra7 Kf6 32.f4 Nd3 33.b3 Ne3 34.Bb6 Nxg2 35.Kxg2 Rc2+ 36.Kf3 Nc5
37.Bxc5 Rxc5 38.Rxa6 Rxd5 39.Rg1 Rd3+ 40.Kf2 Rd2+ 41.Kf3 Rd3+ 42.Kf2  1/2-1/2

[Event "TCh-NED 2006-7"]
[Site "Netherlands NED"]
[Date "2006.09.23"]
[Round "1"]
[White "Theulings,PP"]
[Black "Broekmeulen,Ja"]
[Result "1/2-1/2"]
[WhiteElo "2188"]
[BlackElo "2284"]

1.Nf3 Nf6 2.c4 g6 3.g3 Bg7 4.Bg2 O-O 5.d4 d6 6.Nc3 Nbd7 7.O-O e5 8.e4 c6
9.h3 exd4 10.Nxd4 Qb6 11.Re1 Nc5 12.Nb3 Nxb3 13.axb3 Nd7 14.Bf4 Be5 15.Be3 Qc7
16.Bh6 Rd8 17.Qc2 Nc5 18.Be3 Bg7 19.f4 f5 20.Bxc5 dxc5 21.e5 Be6 22.Rad1 Rd4
23.Ne2 Rxd1 24.Rxd1 Rd8 25.Rd3 Kf7 26.Qd2 Ke8 27.Kf2 Rxd3 28.Qxd3 Qd7 29.Ke3 a6
30.Qxd7+ Kxd7 31.h4 Bf8 32.Kd3 Be7 33.Nc3 Kc7 34.Nd1 Kd7 35.Ne3 Bd8 36.Bh3 h5
37.Nf1 b5 38.Nd2 Ba5 39.Nf3 Bb4 40.Bf1 Bg8 41.Kc2 Ke7 42.Bd3 Be6 43.Kd1 a5
44.Ng5 Bg8 45.e6 Bxe6  1/2-1/2

[Event "15th TCh-CRO"]
[Site "Sibenik CRO"]
[Date "2006.09.24"]
[Round "3"]
[White "Plenkovic,Z"]
[Black "Levacic,P"]
[Result "1/2-1/2"]
[WhiteElo "2325"]
[BlackElo "2309"]

1.Nf3 Nf6 2.c4 g6 3.g3 Bg7 4.Bg2 O-O 5.O-O d6 6.Nc3 e5 7.d3 Nc6 8.Rb1 a5
9.a3 Re8 10.Ng5 h6 11.Nge4 Nh7 12.f4 f5 13.Nf2 Nd4 14.Kh1 c6 15.Bd2 Bd7 16.b4 axb4
17.axb4 h5  1/2-1/2

[Event "15th TCh-CRO"]
[Site "Sibenik CRO"]
[Date "2006.09.29"]
[Round "8"]
[White "Petrov,J"]
[Black "Bosiocic,Mari"]
[Result "0-1"]
[WhiteElo "2422"]
[BlackElo "2433"]

1.Nf3 Nf6 2.c4 g6 3.g3 Bg7 4.Bg2 O-O 5.O-O d6 6.d4 Nbd7 7.Nc3 e5 8.e4 a6
9.dxe5 dxe5 10.Qc2 c6 11.Rd1 Qe7 12.a3 a5 13.Rb1 Nc5 14.b4 Ncxe4 15.Nxe4 Nxe4
16.Be3 axb4 17.axb4 Nd6 18.Bc5 Bf5 19.Qe2 Rfd8 20.Rb2 Qc7 21.Rbd2 Ne4 22.Rxd8+ Rxd8
23.Nh4 Nxc5 24.Nxf5 Ne6 25.Rxd8+ Nxd8 26.Ne3 Ne6 27.c5 b6 28.Qa6 bxc5 29.bxc5 Nxc5
30.Qxc6 Qxc6 31.Bxc6 f5 32.g4 fxg4 33.Nxg4 Kf7 34.f3 h5 35.Nf2 Bh6 36.Ne4 Nd3
37.Bb5 Be3+ 38.Kf1 Nf4 39.Bd7 Ke7 40.Bc8 Nd5 41.Bb7 Nc7 42.Bc8 Bf4 43.Kg2 Nd5
44.Bb7 Ne3+ 45.Kg1 Nf5 46.h3 Be3+ 47.Kf1 Nd4 48.Ba6 Ne6 49.Bc8 Nf4 50.Ng5 Bb6
51.Ke1 Bc5 52.Ba6 Bb4+ 53.Kf2 Kf6 54.Ne4+ Ke6 55.Bc8+ Kd5 56.Bd7 Kd4 57.Bc8 Be7
58.Kg3 Ke3 59.Bb7 Ne2+ 60.Kg2 Bh4 61.Nc5 Be1 62.Be4 Nf4+ 63.Kh2 h4 64.Nd7 Bg3+
65.Kh1 Nxh3 66.Bxg6 Kxf3 67.Bh5+ Kf4 68.Nf6 Nf2+ 69.Kg2 h3+ 70.Kf1 h2  0-1

[Event "14th Open Valle d'Aosta"]
[Site "Saint Vincent ITA"]
[Date "2006.10.03"]
[Round "4"]
[White "Sarno,S"]
[Black "D'Amore,C"]
[Result "0-1"]
[WhiteElo "2363"]
[BlackElo "2470"]

1.c4 Nf6 2.Nf3 g6 3.g3 Bg7 4.Bg2 O-O 5.O-O d6 6.Nc3 e5 7.d3 Nc6 8.Rb1 a5
9.a3 Re8 10.Bg5 h6 11.Bxf6 Bxf6 12.b4 axb4 13.axb4 Bg7 14.b5 Ne7 15.Nd5 Nxd5
16.cxd5 e4 17.dxe4 Rxe4 18.Nd2 Rea4 19.b6 cxb6 20.Qb3 R8a6 21.Nc4 Bd4 22.e3 Bc5
23.Qc3 Bd7 24.Rfc1 b5 25.Ne5 Ra3 26.Rb3 dxe5  0-1

[Event "14th Open Valle d'Aosta"]
[Site "Saint Vincent ITA"]
[Date "2006.10.04"]
[Round "5"]
[White "Poletti,F"]
[Black "Calzolari,G"]
[Result "1-0"]
[WhiteElo "1966"]
[BlackElo "1890"]

1.Nf3 Nf6 2.g3 g6 3.Bg2 Bg7 4.c4 O-O 5.Nc3 d6 6.O-O Nbd7 7.Rb1 a5 8.a3 e5
9.d3 c6 10.b4 axb4 11.axb4 Nh5 12.b5 c5 13.Nd5 Nb6 14.Nxb6 Qxb6 15.Bd2 h6
16.Qc1 Kh7 17.Bc3 f5 18.Ra1 Be6 19.Qb2 e4 20.Nd2 Bxc3 21.Qxc3 d5 22.cxd5 Bxd5
23.Rxa8 Rxa8 24.dxe4 fxe4 25.Qe5 Nf6 26.Qe7+ Kh8 27.Nxe4 Bxe4 28.Bxe4 Re8
29.Qxb7 Qxb7 30.Bxb7 Rxe2 31.Rc1 Re5 32.Bc6 Ng8 33.b6 Ne7 34.Bf3 Re6 35.Rb1 Rc6
36.b7  1-0

[Event "22nd ECU Club Cup"]
[Site "Feugen AUT"]
[Date "2006.10.09"]
[Round "2"]
[White "Bezold,M"]
[Black "Movsesian,S"]
[Result "1/2-1/2"]
[WhiteElo "2535"]
[BlackElo "2637"]

1.Nf3 Nf6 2.c4 g6 3.g3 Bg7 4.Bg2 O-O 5.O-O d6 6.Nc3 e5 7.d3 Nc6 8.Rb1 a5
9.a3 Re8 10.b4 axb4 11.axb4 Nd4 12.Nxd4 exd4 13.Nb5 Nh5 14.Bb2 c5 15.Re1 Bh6
16.Bf3 Ng7 17.Bc1 Bxc1 18.Qxc1 Nf5 19.Ra1 Rxa1 20.Qxa1 h5 21.Na7 Bd7 22.Bxb7 Qb6
23.Be4 cxb4 24.Nb5 Bxb5 25.cxb5 Qxb5 26.Bxf5 Qxf5 27.Qxd4  1/2-1/2

[Event "22nd ECU Club Cup"]
[Site "Feugen AUT"]
[Date "2006.10.11"]
[Round "4"]
[White "Andres Gonzalez,A"]
[Black "Petrosian,TL"]
[Result "0-1"]
[WhiteElo "2426"]
[BlackElo "2573"]

1.Nf3 Nf6 2.c4 g6 3.g3 Bg7 4.Bg2 O-O 5.O-O d6 6.d4 Nc6 7.Nc3 a6 8.h3 Rb8
9.Bf4 b5 10.cxb5 axb5 11.Rc1 Bd7 12.d5 Na5 13.b4 Nc4 14.Qb3 Nh5 15.a4 Nxf4
16.gxf4 e6 17.axb5 Nb6 18.Rfd1 Nxd5 19.Nxd5 exd5 20.Nd4 Bxd4 21.Rxd4 Rxb5
22.Qc3 c6 23.e4 Qh4 24.Qg3 Qf6 25.Rcd1 dxe4 26.Rxd6 Be6 27.Bxe4 Rxb4 28.Bxc6 Rxf4
29.Bd5 Rf5 30.h4 Rf4 31.Bxe6 fxe6 32.Rd8 Qxh4 33.Rxf8+ Kxf8 34.Qa3+ Kg8 35.Rd2 Rg4+
36.Kf1 Qh1+ 37.Ke2 Re4+  0-1

[Event "XI WCh-Blind"]
[Site "Goa IND"]
[Date "2006.10.11"]
[Round "3"]
[White "Cabarkapa,Mil"]
[Black "Tonteri,A"]
[Result "0-1"]
[WhiteElo "2197"]
[BlackElo "1975"]

1.Nf3 Nf6 2.c4 g6 3.g3 Bg7 4.Bg2 O-O 5.O-O d6 6.Nc3 c5 7.d4 Nc6 8.d5 Na5
9.Nd2 a6 10.Qc2 Bd7 11.b3 b5 12.Bb2 Rb8 13.Rab1 Qc7 14.e4 Nh5 15.Ne2 bxc4
16.bxc4 Rxb2 17.Rxb2 Bxb2 18.Qxb2 Rb8 19.Qc3 Rb4 20.Nc1 e5 21.Nd3 Rb8 22.f4 f6
23.Nf3 Re8 24.fxe5 dxe5 25.Nd2 Bc8 26.Bf3 Ng7 27.Bd1 f5 28.Ba4 Re7 29.Re1 Nb7
30.exf5 Nxf5 31.Rxe5 Nd4 32.Rxe7 Qxe7 33.Kg2 Qe3 34.d6 Nxd6 35.Bc6 Bf5 36.Bd5+ Kf8
37.Qa5 Bxd3 38.Qd8+ Ne8 39.Nf3 Qe2+ 40.Kh3 Bf5+ 41.g4 Qf1+ 42.Kg3 Be6 43.Ne5 Qe1+
44.Kf4 Qd2+ 45.Kg3 Qe3+ 46.Nf3 Bxd5 47.Qxd5 Qxf3+  0-1

[Event "XI WCh-Blind"]
[Site "Goa IND"]
[Date "2006.10.13"]
[Round "5"]
[White "Smirnov,Sergei"]
[Black "Tamayo,N"]
[Result "1-0"]
[WhiteElo "2288"]
[BlackElo "2211"]

1.Nf3 Nf6 2.c4 g6 3.g3 Bg7 4.Bg2 O-O 5.O-O d6 6.d4 c6 7.Nc3 Nbd7 8.e4 e5
9.h3 Re8 10.Be3 exd4 11.Nxd4 Nc5 12.Qc2 a5 13.b3 Qc7 14.Rad1 Bd7 15.Rfe1 Rad8
16.f4 Bc8 17.Bf2 Nfd7 18.a3 Na6 19.Re2 Ndc5 20.Rb1 Ne6 21.Nf3 Nac5 22.b4 axb4
23.axb4 Nd7 24.Rd2 Nb6 25.Qb3 Nf8 26.c5 dxc5 27.bxc5 Nbd7 28.e5 Ne6 29.Ne4 Qa5
30.Ra2 Qc7 31.Ra8 Bf8 32.Qc4 Re7 33.Nd6 Nb8 34.Nd2 Na6 35.N2e4 Bg7 36.Rxc8 Rxc8
37.Rxb7 Qxb7 38.Nxb7 Rxb7 39.Qxa6 Rb1+ 40.Kh2 Rc7 41.Qa8+ Nf8 42.Nd6 Rb2
43.Bd4 Rd2 44.Bc3 Rc2 45.Ba5 Ra2 46.Qb8 Rd7 47.Bb6 h5 48.h4 Kh7 49.Qc8  1-0

[Event "22nd ECU Club Cup"]
[Site "Feugen AUT"]
[Date "2006.10.14"]
[Round "7"]
[White "Stangl,M"]
[Black "Votava,J"]
[Result "1/2-1/2"]
[WhiteElo "2468"]
[BlackElo "2531"]

1.Nf3 Nf6 2.c4 g6 3.g3 Bg7 4.Bg2 O-O 5.d4 d6 6.O-O Nc6 7.Nc3 Bf5 8.Ne1 Qd7
9.e4 Bh3 10.f3 Bxg2 11.Kxg2 a6 12.Be3 Na5 13.Qd3 b5 14.cxb5 axb5 15.Nxb5 Rfb8
16.Nc3 Rxb2+ 17.Rf2 Rb7 18.Rb1 Rxb1 19.Qxb1 Ne8 20.Qd3 e6  1/2-1/2

[Event "IRT5"]
[Site "Sao Paulo BRA"]
[Date "2006.10.14"]
[Round "5"]
[White "De Haro,M"]
[Black "Madeira,W"]
[Result "1/2-1/2"]
[WhiteElo "2126"]
[BlackElo "2253"]

1.c4 Nf6 2.Nf3 g6 3.g3 Bg7 4.Bg2 O-O 5.O-O d6 6.d4 c6 7.Nc3 Qa5 8.e4 Qh5
9.Nh4 e5 10.dxe5 Qxd1 11.Rxd1 dxe5 12.Be3 Na6 13.h3 Nd7 14.Rac1 f5 15.exf5 gxf5
16.f4 e4 17.Bf1 Nf6 18.a3 Be6 19.Rd6 Nc7 20.b4 Rfe8 21.Na4 Bf8 22.Nxf5 Bxd6
23.Nxd6 Reb8 24.g4 Nce8 25.Nc5 Nxd6 26.Nxe6 Rc8 27.Rd1 Nde8 28.g5 Nh5 29.Kf2 Neg7
30.Nxg7 Nxg7 31.Rd7 b6 32.Bd4 Ne6 33.Bf6 Rc7 34.Rxc7 Nxc7 35.Ke3 a5 36.Bd4 axb4
37.axb4 Na6 38.Bxb6 Nxb4 39.Kxe4 Ra1 40.Bg2 Rc1 41.Kd4  1/2-1/2

[Event "WYG18"]
[Site "Batumi GEO"]
[Date "2006.10.20"]
[Round "2"]
[White "Harika,D"]
[Black "Umudova,N"]
[Result "1-0"]
[WhiteElo "2353"]
[BlackElo "2202"]

1.Nf3 Nf6 2.c4 g6 3.g3 Bg7 4.Bg2 O-O 5.O-O d6 6.d4 Nbd7 7.Qc2 e5 8.Rd1 Re8
9.Nc3 c6 10.e4 exd4 11.Nxd4 Qc7 12.b3 Nc5 13.Bf4 Nh5 14.Be3 Bd7 15.Re1 a5
16.Rad1 Rad8 17.h3 Bc8 18.g4 Nf6 19.f4 h6 20.Bf2 Nh7 21.Nde2 Qe7 22.Ng3 Nf8
23.Nce2 Nfe6 24.Qd2 Qc7 25.Nd4 Nxd4 26.Bxd4 Bxd4+ 27.Qxd4 Ne6 28.Qf2 c5 29.Ne2 Bd7
30.f5 Nf8 31.Qh4 Kh7 32.Nf4 Bc6 33.g5 h5 34.Bf3 Kg8 35.Bxh5 Bxe4 36.Bg4 d5
37.Nxd5 Bxd5 38.cxd5 Qf4 39.Rf1 Qe3+ 40.Qf2 gxf5 41.Bxf5 Qxf2+ 42.Rxf2 Re5
43.d6 Ne6 44.Bxe6 Rxe6 45.d7 Re7 46.Rfd2 Re5 47.Rd5 Rxd5 48.Rxd5 b6 49.h4 a4
50.bxa4 c4 51.Kf2 Kf8 52.Ke3 Ke7 53.Kd4 Rh8 54.d8=Q+  1-0

[Event "10th Essent Open"]
[Site "Hoogeveen NED"]
[Date "2006.10.24"]
[Round "5"]
[White "Vul,A"]
[Black "Kleijn,C"]
[Result "1/2-1/2"]
[WhiteElo "2365"]
[BlackElo "2108"]

1.Nf3 Nf6 2.c4 g6 3.g3 Bg7 4.Bg2 O-O 5.d4 d6 6.O-O Nbd7 7.Nc3 e5 8.e4 exd4
9.Nxd4 Re8 10.Re1 a6 11.h3 Rb8 12.Be3 c5 13.Nc2 Ne5 14.b3 Nc6 15.Qd3 Ne5
16.Qd1 Nc6 17.Qd3 Ne5 18.Qd1 Nc6 19.Qd3  1/2-1/2

[Event "AVTOGAZ 40"]
[Site "Togliatti RUS"]
[Date "2006.10.29"]
[Round "10"]
[White "Skatchkov,P"]
[Black "Kazancev,V"]
[Result "1-0"]
[WhiteElo "2489"]
[BlackElo "2335"]

1.c4 Nf6 2.Nf3 g6 3.g3 Bg7 4.Bg2 O-O 5.O-O d6 6.Nc3 Nc6 7.b3 e5 8.Bb2 e4
9.Ne1 Re8 10.d4 Bf5 11.Nc2 Qd7 12.Re1 Bh3 13.Bh1 h5 14.Ne3 h4 15.Qd2 Bh6
16.Rad1 hxg3 17.hxg3 Ng4 18.Ncd5 Qd8 19.Qc3 Bg7 20.Nc2 Qg5 21.Bc1 Qh5 22.f3 exf3
23.exf3 Nf6 24.Nxc7 Rxe1+ 25.Qxe1 Rc8 26.Nb5 Rd8 27.Qf2 d5 28.Bf4 a6 29.Nc3 Bf5
30.c5 g5 31.Bc7 Rd7 32.Be5 Be6 33.Ne3 Nxe5 34.dxe5 d4 35.exf6 dxe3 36.Qxe3 Rxd1+
37.Nxd1 Bxf6 38.Nf2 Qg6 39.Ne4 Be7 40.a3 Qf5 41.b4 Qd5 42.Bg2 Kg7 43.Qc3+ f6
44.Qe3 Kg6 45.Bf1 f5 46.Nf2 Bf6 47.g4 Bd4 48.gxf5+ Bxf5 49.Qe8+ Kf6 50.Kg2 Bxf2
51.Kxf2 Qd2+ 52.Be2 Qd4+ 53.Kg2 Qd2 54.Qf8+ Ke5 55.Qe7+ Kf4 56.Qc7+ Ke3 57.Qe5+  1-0

[Event "TCh-AUT 2006-7"]
[Site "Graz AUT"]
[Date "2006.11.03"]
[Round "1"]
[White "Stangl,M"]
[Black "Weiss,C"]
[Result "1-0"]
[WhiteElo "2468"]
[BlackElo "2469"]

1.Nf3 Nf6 2.c4 g6 3.g3 Bg7 4.Bg2 O-O 5.d4 d6 6.O-O Nbd7 7.Nc3 e5 8.e4 c6
9.h3 a6 10.Be3 Qe7 11.Re1 Rd8 12.Qc2 b5 13.c5 dxc5 14.Nxe5 Nxe5 15.dxe5 Nd7
16.f4 Bb7 17.Rad1 Bf8 18.b3 Qe8 19.h4 Be7 20.Bh3 Nf8 21.Qf2 Bc8 22.Bxc8 Rxd1
23.Rxd1 Qxc8 24.Bxc5 Bxc5 25.Qxc5 Qg4 26.Kf2 Qh3 27.Ne2 Rc8 28.Qe7 Ne6 29.Rd6 Rf8
30.Rxc6 Qh1 31.Ke3 Qb1 32.Rxa6 Qc2 33.Qb4 Rd8 34.Rd6 Ra8 35.Rd2 Qc6 36.f5 gxf5
37.exf5 Ng7 38.Qe4 Qb6+ 39.Kf3 Re8 40.Nd4 f6 41.Qd5+ Kh8 42.Qxb5  1-0